L’éditorialisation des produits de veille : enjeux et défis de la datavisualisation (notice n° 1674977)
[ vue normale ]
| 000 -LEADER | |
|---|---|
| fixed length control field | 01228cam a2200205 4500500 |
| 005 - DATE AND TIME OF LATEST TRANSACTION | |
| control field | 20260301002252.0 |
| 041 ## - LANGUAGE CODE | |
| Language code of text/sound track or separate title | fre |
| 042 ## - AUTHENTICATION CODE | |
| Authentication code | dc |
| 100 10 - MAIN ENTRY--PERSONAL NAME | |
| Personal name | Chaudiron, Stéphane |
| Relator term | author |
| 245 00 - TITLE STATEMENT | |
| Title | L’éditorialisation des produits de veille : enjeux et défis de la datavisualisation |
| 260 ## - PUBLICATION, DISTRIBUTION, ETC. | |
| Date of publication, distribution, etc. | 2020.<br/> |
| 500 ## - GENERAL NOTE | |
| General note | 73 |
| 520 ## - SUMMARY, ETC. | |
| Summary, etc. | L’éditorialisation des contenus de veille est aujourd’hui cruciale, si l’on veut répondre aux nouveaux usages. À cet égard, les techniques de représentation graphique ( datavisualisation ou dataviz), de plus en plus utilisées par les médias, comme on l’a vu lors de la crise de la Covid-19, sont des outils séduisants. Ils permettent de diffuser une information de manière rapide, et synthétique, donc percutante. Cependant en termes de méthode et de pertinence, ils posent un double défi : statistique et heuristique. |
| 690 ## - LOCAL SUBJECT ADDED ENTRY--TOPICAL TERM (OCLC, RLIN) | |
| Topical term or geographic name as entry element | Covid-19 |
| 690 ## - LOCAL SUBJECT ADDED ENTRY--TOPICAL TERM (OCLC, RLIN) | |
| Topical term or geographic name as entry element | datavisualisation |
| 690 ## - LOCAL SUBJECT ADDED ENTRY--TOPICAL TERM (OCLC, RLIN) | |
| Topical term or geographic name as entry element | éditorialisation |
| 690 ## - LOCAL SUBJECT ADDED ENTRY--TOPICAL TERM (OCLC, RLIN) | |
| Topical term or geographic name as entry element | veille |
| 786 0# - DATA SOURCE ENTRY | |
| Note | I2D - Information, données & documents | 2 | 2 | 2020-11-17 | p. 78-81 | 2428-2111 |
| 856 41 - ELECTRONIC LOCATION AND ACCESS | |
| Uniform Resource Identifier | <a href="https://shs.cairn.info/revue-i2d-information-donnees-et-documents-2020-2-page-78?lang=fr&redirect-ssocas=7080">https://shs.cairn.info/revue-i2d-information-donnees-et-documents-2020-2-page-78?lang=fr&redirect-ssocas=7080</a> |
Pas d'exemplaire disponible.




Réseaux sociaux